000 00726nam a2200193 i 4500
001 173352
003 ES-MaACL
005 20230906215223.0
008 091127s1984 pr |||| |dspa d
080 _a860(729.5) Corretjer, Juan Antonio 1.06
100 1 _aMedina López, Ramón Felipe.
_9141647
245 1 0 _aJuan Antonio Corretjer, poeta nacional puertorriqueño
_b: cuarenta años de poesía (1927-1967) /
_cRamón Felipe Medina López.
260 _aSan Juan de Puerto Rico :
_bInstituto de Cultura Puertorriqueña,
_c1984.
300 _a207 p. ;
_c24 cm.
500 _aÍndices.
600 1 4 _aCorretjer, Juan Antonio.
_940783
710 2 _aInstituto de Cultura Puertorriqueña.
_94858
852 _aES-MaACL
_jC-56983
999 _c173352
_d173352